000 01043nam a2200277 i 4500
001 106775
003 ES-MaACL
005 20230906184245.0
007 t|
008 061222s1970 sp a c |||| | spa d
080 _a75 Alcalde, Juan (083.82)
100 1 _aAlcalde, Juan.
_919479
245 1 0 _aAlcalde
_b: [exposición, Ateneo de Madrid, Sala de Exposiciones, Santa Catalina 10, noviembre 1970] /
_c[texto, Venancio Sánchez Marín].
260 _aMadrid :
_bPublicaciones Españolas,
_c1970.
300 _a[26] p. :
_bil. ;
_c21 x 21 cm.
490 1 _aSerie V, Sala Santa Catalina ;
_v1
600 1 4 _aAlcalde, Juan-
_vExposiciones.
_919480
610 2 7 _aAteneo de Madrid-
_vExposiciones-
_y1970-1979.
_91921
655 7 _2tgfbne
_9193628
_aCatálogos de exposiciones
700 1 _aSánchez Marín, Venancio.
_9102754
710 2 _aAteneo de Madrid.
_bSala de Santa Catalina.
_91964
830 0 _aSerie V, Sala Santa Catalina ;
_v1
_9185299
852 _aES-MaACL
_j2211-F-23
942 _2udc
999 _c106775
_d106775